000 00463nam a2200193 a 4500
001 BRCA_5901
005 20190320205245.0
008 170311s187-----gw-#######---#000-0#ger-#
041 _ager
044 _agw
050 4 _aPT9812
_b.N37
245 1 0 _aVon neuen: Erzahlungen.
_cAugust Strindberg
260 _aLeipzig
_bA. Bonnier
_c187-?
300 _a125 p.
_c17 cm.
500 _aH142
650 1 4 _aLiteratura Sueca.
_914924
902 _aGFM
942 _2lcc
_cB
999 _c5590
_d5590